[Event "ESP-chT Regional U16"]
[Site "Gijon"]
[Date "2021.06.17"]
[Round "1.4"]
[White "Bagur Bosch, Maria"]
[Black "Sevilla Jimenez, Nerea"]
[Result "1-0"]
[WhiteElo "1647"]
[BlackElo "1025"]
[PlyCount "111"]
[EventDate "2021.06.17"]
[EventType "team-swiss"]
[EventRounds "6"]
[EventCountry "ESP"]
[SourceTitle "EXT 2022"]
[Source "ChessBase"]
[SourceDate "2021.10.06"]
[SourceVersion "1"]
[SourceVersionDate "2021.10.06"]
[SourceQuality "1"]
[WhiteTeam "Baleares U16"]
[BlackTeam "Castilla La Mancha U16"]
[WhiteTeamCountry "ESP"]
[BlackTeamCountry "ESP"]

1. e4 e5 2. Nf3 Nc6 3. Bb5 a6 4. Bxc6 dxc6 5. 0-0 f6 6. d3 Be6 7. Be3 Bd6 8. c3 c5 9. d4 exd4 10. cxd4 cxd4 11. Nxd4 Qd7 12. Nc3 Ne7 13. Nxe6 Qxe6 14. Qa4+ Qd7 15. Qc4 Be5 16. Rfd1 Qc6 17. Qd3 0-0 18. Rac1 Qe6 19. Ne2 Qxa2 20. b3 Qa5 21. Qc4+ Kh8 22. Bc5 Rae8 23. Rd7 Bd6 24. Bxd6 cxd6 25. Qc7 Qd2 26. Rxe7 Rxe7 27. Qxe7 Rg8 28. Kf1 Qd3 29. Qxb7 h6 30. Qd5 Qxd5 31. exd5 Rb8 32. Nd4 Rb4 33. Rc4 Rb7 34. Ke2 Kg8 35. Rc6 Rd7 36. Rxa6 Kf7 37. Nf5 Rd8 38. Kd3 Rb8 39. Nxd6+ Ke7 40. Kc4 Rd8 41. Nf5+ Kf7 42. Ra7+ Kg6 43. Nxg7 Rc8+ 44. Kd3 Rc5 45. Rd7 Rb5 46. Kc4 Rb8 47. Ne6 Re8 48. Kc5 Rc8+ 49. Rc7 Re8 50. b4 Kf5 51. b5 Ke5 52. b6 h5 53. b7 Rb8 54. Kc6 h4 55. Rc8 Rxc8+ 56. bxc8Q 1-0

[Event "ESP-chT Regional U14"]
[Site "Padron"]
[Date "2017.06.25"]
[Round "6.3"]
[White "Guillermo Gonzalez, Alvaro"]
[Black "Bagur Bosch, Maria"]
[Result "1-0"]
[WhiteElo "1659"]
[BlackElo "1498"]
[PlyCount "121"]
[EventDate "2017.06.22"]
[EventType "team"]
[EventRounds "6"]
[EventCountry "ESP"]
[SourceTitle "EXT 2018"]
[Source "ChessBase"]
[SourceDate "2017.10.13"]
[SourceVersion "1"]
[SourceVersionDate "2017.10.13"]
[SourceQuality "1"]
[WhiteTeam "Canarias (U14)"]
[BlackTeam "Baleares (U14)"]
[WhiteTeamCountry "ESP"]
[BlackTeamCountry "ESP"]

1. e4 c5 2. Nf3 Nc6 3. d4 cxd4 4. Nxd4 g6 5. c4 Bg7 6. Be3 Nf6 7. Nc3 0-0 8. Be2 d6 9. 0-0 Bd7 10. Qd2 Nxd4 11. Bxd4 Bc6 12. f3 a5 13. Rfd1 Nd7 14. Bxg7 Kxg7 15. Rac1 Nc5 16. b3 Qb6 17. Kh1 a4 18. Rb1 axb3 19. axb3 Qb4 20. Nd5 Qxd2 21. Rxd2 Bxd5 22. exd5 Ra3 23. Rdb2 Rfa8 24. Kg1 Ra1 25. b4 Nd7 26. Kf2 b6 27. Ke3 Rxb1 28. Rxb1 Ra3+ 29. Kd4 Ra2 30. Ke3 Ra3+ 31. Kd4 Ra2 32. Re1 Kf6 33. f4 g5 34. g3 gxf4 35. gxf4 e6 36. h3 Ra4 37. Kc3 Ra3+ 38. Kd4 Rxh3 39. Bg4 Rh4 40. dxe6 Nb8 41. exf7 Kxf7 42. Be6+ Kf6 43. b5 Rxf4+ 44. Kd5 h5 45. Kxd6 h4 46. Kc7 Nd7 47. Kxd7 Rd4+ 48. Kc7 h3 49. Bd5 Rh4 50. Kxb6 Kg7 51. Kc7 h2 52. b6 Kf6 53. b7 Rh7+ 54. Kb6 Rh8 55. c5 Kf5 56. c6 Rd8 57. c7 Rxd5 58. c8Q+ Kf4 59. b8Q+ Kg5 60. Qg3+ Kh6 61. Qh8# 1-0

[Event "ESP-chT Regional U14"]
[Site "Padron"]
[Date "2017.06.24"]
[Round "5.3"]
[White "Bagur Bosch, Maria"]
[Black "Polo Agustin, Lara"]
[Result "1/2-1/2"]
[WhiteElo "1498"]
[BlackElo "1452"]
[PlyCount "127"]
[EventDate "2017.06.22"]
[EventType "team"]
[EventRounds "6"]
[EventCountry "ESP"]
[SourceTitle "EXT 2018"]
[Source "ChessBase"]
[SourceDate "2017.10.13"]
[SourceVersion "1"]
[SourceVersionDate "2017.10.13"]
[SourceQuality "1"]
[WhiteTeam "Baleares (U14)"]
[BlackTeam "Aragon (U14)"]
[WhiteTeamCountry "ESP"]
[BlackTeamCountry "ESP"]

1. e4 c5 2. Nf3 d6 3. d4 cxd4 4. Nxd4 Nf6 5. Nc3 g6 6. Be3 Bg7 7. f3 0-0 8. Qd2 Nc6 9. Bc4 Bd7 10. 0-0-0 Ne5 11. Bb3 Rb8 12. h4 b5 13. g4 Nc4 14. Bxc4 bxc4 15. g5 Nh5 16. Nd5 e6 17. Nc3 Qb6 18. b3 Qb4 19. Nb1 Qb7 20. Nc3 Rfc8 21. Nce2 cxb3 22. Nxb3 Ba4 23. Kb1 Qa6 24. Bd4 Bxb3 25. cxb3 Bxd4 26. Nxd4 Rc4 27. Rc1 e5 28. Rxc4 Qxc4 29. Ne2 a5 30. Rc1 Qa6 31. Ka1 Ng7 32. Nc3 Ne6 33. Nd5 Nd4 34. Qc3 Ne2 35. Qc4 Qxc4 36. Rxc4 Kf8 37. Nf6 Kg7 38. Rc6 Ng1 39. Rxd6 Nxf3 40. Rd5 Nxh4 41. Rxe5 h6 42. Nd7 Rd8 43. gxh6+ Kxh6 44. Nc5 Nf3 45. Rd5 Re8 46. Kb2 Ng5 47. Rd4 f5 48. exf5 gxf5 49. Rf4 Re5 50. Nd3 Rd5 51. Kc2 Ne6 52. Rf2 Kg5 53. Kc3 Rd4 54. Nc5 Rd6 55. Nxe6+ Rxe6 56. Kd3 Kg4 57. Re2 Rxe2 58. Kxe2 Kf4 59. Kf2 Ke4 60. a3 Kd4 61. b4 a4 62. Kf3 Ke5 63. Ke3 f4+ 64. Kf3 1/2-1/2